OPAC Home

දෙව් දුන් දෙවගන (Record no. 144212)

MARC details
000 -LEADER
fixed length control field 00509nam a2200181 4500
003 - CONTROL NUMBER IDENTIFIER
control field LK-CoDNM
005 - DATE AND TIME OF LATEST TRANSACTION
control field 20231221103142.0
008 - FIXED-LENGTH DATA ELEMENTS--GENERAL INFORMATION
fixed length control field 231221b |||||||| |||| 00| 0 eng d
020 ## - INTERNATIONAL STANDARD BOOK NUMBER
International Standard Book Number 9786245768233
040 ## - CATALOGING SOURCE
Original cataloging agency LK-CoDNM
Modifying agency LK-CoDNM
Description conventions LK-CoDNM
041 ## - LANGUAGE CODE
Language code of text/sound track or separate title Sinhala; Sinhalese
080 ## - UNIVERSAL DECIMAL CLASSIFICATION NUMBER
Universal Decimal Classification number X8C31
Item number දිසානා
942 ## - ADDED ENTRY ELEMENTS (KOHA)
Suppress in OPAC 0
Koha item type Books
100 ## - MAIN ENTRY--PERSONAL NAME
Personal name දිසානායක,තරංගා
245 ## - TITLE STATEMENT
Title දෙව් දුන් දෙවගන
260 ## - PUBLICATION, DISTRIBUTION, ETC. (IMPRINT)
Place of publication, distribution, etc. Ragama
Name of publisher, distributor, etc. Thara Publication
Date of publication, distribution, etc. 2022
300 ## - PHYSICAL DESCRIPTION
Extent 352p.,21cm
Holdings
Withdrawn status Lost status Damaged status Not for loan Collection code Permanent Location Current Location Date acquired Full call number Barcode Koha item type
        Novels Library National Museum Colombo - Sri Lanka Library National Museum Colombo - Sri Lanka 2023-12-21 X8C31 දිසානා 176207 Books
Copyright © 2023 Department of National Museum, Colombo 07, Sri Lanka Funded by UNESCO IFAP UNESCO